<?xml version="1.0" encoding="UTF-8"?>
<record
    xmlns:xsi="http://www.w3.org/2001/XMLSchema-instance"
    xsi:schemaLocation="http://www.loc.gov/MARC21/slim http://www.loc.gov/standards/marcxml/schema/MARC21slim.xsd"
    xmlns="http://www.loc.gov/MARC21/slim">

  <leader>01110nam a22002537a 4500</leader>
  <controlfield tag="005">20130722090817.0</controlfield>
  <controlfield tag="008">130722b2012    ck ||||| |||| 00| 0 spa d</controlfield>
  <datafield tag="020" ind1=" " ind2=" ">
    <subfield code="a">9789588317724</subfield>
  </datafield>
  <datafield tag="041" ind1=" " ind2=" ">
    <subfield code="a">spa</subfield>
  </datafield>
  <datafield tag="044" ind1=" " ind2=" ">
    <subfield code="a">ck</subfield>
  </datafield>
  <datafield tag="082" ind1=" " ind2=" ">
    <subfield code="a">678.2</subfield>
    <subfield code="b">S838a</subfield>
  </datafield>
  <datafield tag="245" ind1=" " ind2=" ">
    <subfield code="a">Ampliaci&#xF3;n de la base gen&#xE9;tica de caucho natural con proyecci&#xF3;n para la Amazon&#xED;a colombiana : </subfield>
    <subfield code="b">fase de evaluaci&#xF3;n en periodo improductivo a gran escala /</subfield>
    <subfield code="c">editado por Armando Sterling Cu&#xE9;llar y Carlos Hernando Rodriguez Le&#xF3;n</subfield>
  </datafield>
  <datafield tag="260" ind1=" " ind2=" ">
    <subfield code="a">Bogot&#xE1; (Colombia)</subfield>
    <subfield code="b">Instituto Amaz&#xF3;nico de Investigaciones Cinet&#xED;ficas - SINCHI</subfield>
    <subfield code="c">2012.</subfield>
  </datafield>
  <datafield tag="300" ind1=" " ind2=" ">
    <subfield code="a">147 p.</subfield>
    <subfield code="b">tablas.</subfield>
    <subfield code="c">24 cm.</subfield>
  </datafield>
  <datafield tag="504" ind1=" " ind2=" ">
    <subfield code="a">Incluye referencias bibliogr&#xE1;ficas</subfield>
  </datafield>
  <datafield tag="650" ind1=" " ind2="6">
    <subfield code="a">Caucho</subfield>
    <subfield code="z">Amazon&#xED;a (Colombia)</subfield>
    <subfield code="9">672</subfield>
  </datafield>
  <datafield tag="650" ind1=" " ind2="6">
    <subfield code="a">Clones</subfield>
    <subfield code="z">Amazon&#xED;a (Colombia)</subfield>
    <subfield code="9">673</subfield>
  </datafield>
  <datafield tag="650" ind1=" " ind2="6">
    <subfield code="a">Fitomejoramiento</subfield>
    <subfield code="z">Amazon&#xED;a (Colombia)</subfield>
    <subfield code="9">674</subfield>
  </datafield>
  <datafield tag="650" ind1=" " ind2="6">
    <subfield code="a">Resistencia magn&#xE9;tica</subfield>
    <subfield code="z">Amazon&#xED;a colombiana</subfield>
    <subfield code="9">675</subfield>
  </datafield>
  <datafield tag="650" ind1=" " ind2="6">
    <subfield code="a">Desempe&#xF1;o de cultivos</subfield>
    <subfield code="z">Amazon&#xED;a (Colombia)</subfield>
    <subfield code="9">676</subfield>
  </datafield>
  <datafield tag="700" ind1=" " ind2=" ">
    <subfield code="a">Sterling-Cuellar, Armando</subfield>
    <subfield code="e">ed</subfield>
    <subfield code="9">677</subfield>
  </datafield>
  <datafield tag="700" ind1=" " ind2=" ">
    <subfield code="a">Rodr&#xED;guez-Le&#xF3;n, Carlos Hernando</subfield>
    <subfield code="e">ed</subfield>
    <subfield code="9">678</subfield>
  </datafield>
  <datafield tag="942" ind1=" " ind2=" ">
    <subfield code="2">ddc</subfield>
    <subfield code="c">IMPRESO</subfield>
  </datafield>
  <datafield tag="999" ind1=" " ind2=" ">
    <subfield code="c">7402</subfield>
    <subfield code="d">7402</subfield>
  </datafield>
  <datafield tag="952" ind1=" " ind2=" ">
    <subfield code="0">0</subfield>
    <subfield code="1">0</subfield>
    <subfield code="2">ddc</subfield>
    <subfield code="4">0</subfield>
    <subfield code="7">0</subfield>
    <subfield code="8">GENERAL</subfield>
    <subfield code="I">INV2017</subfield>
    <subfield code="a">Bogota</subfield>
    <subfield code="b">Bogota</subfield>
    <subfield code="d">2013-07-22</subfield>
    <subfield code="e">Instituto</subfield>
    <subfield code="g">39000.00</subfield>
    <subfield code="l">0</subfield>
    <subfield code="o">LB 678.2 S838a</subfield>
    <subfield code="p">028671</subfield>
    <subfield code="r">2013-07-22 00:00:00</subfield>
    <subfield code="t">Ej. 1</subfield>
    <subfield code="w">2013-07-22</subfield>
    <subfield code="x">Canje</subfield>
    <subfield code="y">LIBRO</subfield>
  </datafield>
</record>
